[Event "Titled Tuesday intern op 29th Mar Late"]
[Site "Chess.com INT"]
[Date "2022.03.29"]
[Round "7"]
[White "Janaszak, Dawid"]
[Black "Sapunov, Evgeny"]
[Result "0-1"]
[WhiteElo "2333"]
[BlackElo "2461"]
[PlyCount "88"]
[EventDate "2022.03.29"]
[EventType "swiss (blitz)"]
[EventRounds "11"]
[EventCountry "USA"]
[SourceTitle "CBM 207 Extra"]
[Source "ChessBase"]
[SourceDate "2022.05.31"]
[SourceVersion "1"]
[SourceVersionDate "2022.05.31"]
[SourceQuality "1"]

1. e4 g6 2. Nc3 Bg7 3. Bc4 c5 4. h4 h5 5. Qf3 e6 6. d4 cxd4 7. Nb5 d6 8. Bf4 Be5 9. Bxe5 dxe5 10. Qa3 Ne7 11. Nd6+ Kf8 12. Nh3 Kg7 13. 0-0 Rf8 14. f4 Nbc6 15. Ng5 f6 16. Nxc8 fxg5 17. Nxe7 Qxe7 18. Qxe7+ Nxe7 19. fxe5 gxh4 20. Bxe6 Nc6 21. Bd5 Nxe5 22. Rad1 Rac8 23. Rxf8 Kxf8 24. Rd2 b6 25. Bb3 Rd8 26. Kh2 Ke7 27. Bd5 Rc8 28. Bb3 Rd8 29. Bd5 g5 30. Rxd4 g4 31. Ra4 a5 32. b4 axb4 33. Rxb4 Rd6 34. c4 Rf6 35. a4 Kd8 36. Rb2 Rf1 37. g3 h3 38. Rb3 Kc7 39. c5 bxc5 40. a5 Nf3+ 41. Rxf3 Rxf3 42. a6 Rf2+ 43. Kg1 Rg2+ 44. Kh1 Kb6 0-1